000 00934nas a2200301 4500
001 BR2015000814
003 BR-BrBNA
005 20231205125013.0
007 ta
008 230509b bl.|||p| |||| 00| 00por d
040 _aBR-BrBNA
_bpor
_cBiblioteca Nacional de Agricultura
041 _a(Pt)
072 _aF01; Q04
100 1 _aPio, R.
100 1 _aMaro, L.A.C.
100 1 _aBueno, J.P.S.
100 1 _aAssis, C.N. de
245 1 _aÉpoca de maturação, caracterização física e química de cultivares e seleções de castanheiro
650 _aCASTANHA
650 _aVARIEDADE
650 _aSELEÇÃO GENÉTICA
650 _aMATURAÇÃO
650 _aPRODUÇÃO VEGETAL
650 _aPROPRIEDADE FÍSICO-QUÍMICA
773 0 _tRevista Brasileira de Fruticultura (Brazil)
_xISSN 0100-2945
_g(Sep 2014), v. 36(3) p. 525-531
_wBR2015000814
909 _a202311
_bLúcia
_c55
_dLúcia Elande
942 _2AGRIS
_n0
_cANA
999 _c242083
_d242083